A Mechanism to Increase Confidence in Sustainability Information in the Context of Audit

Udržateľnosť je dnes čoraz viac diskutovaným pojmom a prejavuje sa v každej oblasti hospodárskeho života. Účtovníctvo ani audit nie sú bez povšimnutia. Účtovné jednotky sú povinné zverejňovať informácie o otázke udržateľnosti. Dôveryhodnosť týchto informácií možno zvýšiť aj auditom. V oblasti auditu...

Ausführliche Beschreibung

Gespeichert in:
Bibliographische Detailangaben
1. Verfasser: Kňažková, Veronika, 1986-
Format: Buchkapitel
Sprache:Englisch
Schlagworte:
Tags: Tag hinzufügen
Keine Tags, Fügen Sie das erste Tag hinzu!

MARC

LEADER 00000naa$a2200000$$$4500
001 0306400
005 20250122125638.5
041 0 |a eng 
044 |a CZ 
245 1 0 |a A Mechanism to Increase Confidence in Sustainability Information in the Context of Audit  |c Veronika Kňažková 
520 |a Udržateľnosť je dnes čoraz viac diskutovaným pojmom a prejavuje sa v každej oblasti hospodárskeho života. Účtovníctvo ani audit nie sú bez povšimnutia. Účtovné jednotky sú povinné zverejňovať informácie o otázke udržateľnosti. Dôveryhodnosť týchto informácií možno zvýšiť aj auditom. V oblasti auditu sa príslušné inštitúcie zaoberajú vývojom relevantnej a primeranej legislatívy s cieľom overiť spoľahlivosť informácií o udržateľnosti a úrovni kvality. Z tohto dôvodu kompetentné inštitúcie pristúpili k vytvoreniu nového štandardu auditu ISSA 5000 Všeobecné požiadavky na udržateľnosť zmlúv, ktorá je predmetom skúmania článku. 
610 2 0 |a dôvera 
610 2 0 |a udržateľnosť 
610 2 0 |a audit 
610 2 0 |a štandardy 
610 2 0 |a štandardy audítorské medzinárodné 
610 2 0 |a právo 
610 2 0 |a legislatíva 
610 2 0 |a zákony 
100 1 |a Kňažková, Veronika, 1986-